Deutsche Kolonien im Jahre 1913 - Statistiken

Allgemein
  • Dieses Quiz wurde 340 mal gespielt
  • Das Durchschnittsergebnis liegt bei 4 aus 10
Antwortstatistiken
Kolonie seit Kolonie % Korrekt
1884 Kamerun
72%
1884 Togo
70%
1885 Deutsch-Ostafrika
69%
1884 Deutsch-Südwestafrika
66%
1899 Samoa-Inseln
39%
1884/85 Deutsch-Neuguinea
35%
1899 Karolinen, Palau, Marianen
23%
1988 Nauru
20%
1884/85 Marshall-Inseln
16%
1897/98 Kiautschou (Nordostchina)
12%
Keine übereinstimmenden Quizze gefunden
Verteilung der Resultate
Anzahl Personen mit jedem Resultat
Perzentil nach korrekt beantworteten Fragen
Ihre Resultats-Entwicklung
Sie haben dieses Quiz noch nicht gespielt